000 00367nam a22001697a 4500
005 20160614112406.0
008 160614b xxu||||| |||| 00| 0 eng d
020 _a81-7649-599-9
041 _aeng
082 _b7362
100 _aShea, Gardon F
_91864
245 _aMentoring
260 _bViva Books
300 _a100
650 _aManagement
_9241
942 _cBK
999 _c2617
_d2616